| Tag |
First Indicator |
Second Indicator |
Subfields |
| LEADER |
00000cam a2200000 a 4500 |
| 001 |
in00000009715 |
| 005 |
20151007051639.0 |
| 008 |
870414s1987 cau b 00100 eng |
| 010 |
|
|
|a 87009783
|
| 020 |
|
|
|a 0803921993 :
|c $50.00
|
| 035 |
|
|
|a (OCoLC)15632397
|
| 035 |
|
|
|9 AAA4089AM
|
| 040 |
|
|
|a DLC
|c DLC
|d TXA
|d UtOrBLW
|
| 049 |
|
|
|a TXAM
|c [A11034247]
|
| 050 |
0 |
0 |
|a P90
|b .H294 1987
|
| 082 |
0 |
|
|a 001.51
|2 19
|
| 245 |
0 |
0 |
|a Handbook of communication science /
|c editors, Charles R. Berger & Steven H. Chaffee.
|
| 264 |
|
1 |
|a Beverly Hills :
|b Sage publications,
|c [1987]
|
| 264 |
|
4 |
|c ©1987
|
| 300 |
|
|
|a 946 pages ;
|c 24 cm.
|
| 336 |
|
|
|a text
|b txt
|2 rdacontent
|
| 337 |
|
|
|a unmediated
|b n
|2 rdamedia
|
| 338 |
|
|
|a volume
|b nc
|2 rdacarrier
|
| 504 |
|
|
|a Includes bibliographies and indexes.
|
| 650 |
|
0 |
|a Communication.
|
| 700 |
1 |
|
|a Berger, Charles R.
|
| 700 |
1 |
|
|a Chaffee, Steven H.
|
| 999 |
|
|
|a MARS
|
| 999 |
f |
f |
|s 91cdb6fd-87e3-350b-b40a-2b6a7c74b5e1
|i 6646613e-f08f-300b-9486-24932b154aaf
|t 0
|
| 952 |
f |
f |
|p ric
|a Texas A&M University
|b Rellis Campus
|c Joint Library Facility
|s JLF
|d Remote Storage
|t 0
|e P90 .H294 1987
|h Library of Congress classification
|i unmediated -- volume
|m A14811034247
|
| 998 |
f |
f |
|a P90 .H294 1987
|t 0
|l Remote Storage
|